| 000 | 00704cam a2200253 4500 | ||
|---|---|---|---|
| 008 | 090401t1988 xxu||||| |||| 00| 0 eng d | ||
| 020 | _a0521328519 | ||
| 035 | _a(Sirsi) u33206 | ||
| 041 | _aeng | ||
| 050 | _a333.77 | ||
| 100 | _aLichfield, Nathaniel | ||
| 245 | _aEconomics in urban conservation | ||
| 260 |
_aCambridge _bCambridge University Press _c1988 |
||
| 300 | _axvi,361p. ; 23cm. | ||
| 350 | _a35 | ||
| 520 | _aPublished in association with the Jerusalem Institute for Israel Studies . | ||
| 650 | _aCOVENT GARDEN | ||
| 650 | _aHISTORIC BUILDINGS | ||
| 650 | _aJERUSALEM | ||
| 650 | _aROYAL HOLLOWAY SANATORIUM | ||
| 650 | _aURBAN AREAS | ||
| 942 | _n0 | ||
| 948 | _c04/03/1997 | ||
| 999 |
_c89787 _d89787 |
||